000 01094nam a2200277 a 4500
001 76607
003 BD-RjUL
005 20211209082850.0
008 191224s1984 bg ||||| |||| 001 0 ben d
020 _c: Tk. 80.00
035 _a(BD-RjUL)76831
040 _aBD-RjUL
_bben
_cBD-RjUL
_dBD-RjUL
041 _aben
082 _223
_a016.0599144
_bHUB 1984
100 1 _aহক, শামসুল
_9236867
245 1 0 _aবাংলা সাময়িক-পত্র, (১৯৭২-১৯৮১) /
_cশামসুল হক
250 _a১ম সং.
260 _aঢাকা :
_bবাংলা একাডেমী,
_c১৯৮৪
300 _a[২০], ৫১৬ পৃ. ;
_c২২ সেমি.
490 _aবা/এ ;
_v১৩৮৩
500 _aনির্ঘণ্ট সংযুক্ত
650 _aবাংলা সাময়িক-পত্র
_xগ্রন্থপঞ্জি
_y১৯৭২-১৯৮১
_9236868
650 _aBengali Periodicals
_xBibliography
_y1972-1981
_9236869
830 _aবা/এ ;
_v১৩৮৩
_9236870
942 _2ddc
_cREF
999 _c76607
_d76607